[Event "RUS-chT rapid"]
[Site "Sochi"]
[Date "2015.05.09"]
[Round "7.29"]
[White "Reshetnikov, Alexey"]
[Black "Iljin, Artem"]
[Result "1-0"]
[WhiteElo "2498"]
[BlackElo "2537"]
[PlyCount "114"]
[EventDate "2015.05.08"]
[EventType "team-swiss"]
[EventRounds "9"]
[EventCountry "RUS"]
[SourceTitle "CBM 166 Extra"]
[Source "ChessBase"]
[SourceDate "2015.06.18"]
[SourceVersion "1"]
[SourceVersionDate "2015.06.18"]
[SourceQuality "1"]
[WhiteTeam "Moscow Our Heritage U20"]
[BlackTeam "Kazan Ladya II"]
[WhiteTeamCountry "RUS"]
[BlackTeamCountry "RUS"]

1. c4 e5 2. Nc3 Nf6 3. g3 Bb4 4. Bg2 0-0 5. Nf3 Nc6 6. 0-0 e4 7. Ng5 Bxc3 8. dxc3 Re8 9. Nh3 h6 10. Nf4 d6 11. b3 Bf5 12. Nd5 Ne5 13. h3 c6 14. Ne3 Be6 15. f4 exf3 16. exf3 Ng6 17. f4 Bc8 18. Qd3 Qe7 19. Kh2 Ne4 20. f5 Nf8 21. Ng4 Nd7 22. Ba3 Ndc5 23. Qe3 h5 24. f6 Qe6 25. Nh6+ Kh7 26. Bxc5 dxc5 27. Rae1 g6 28. Bxe4 Qxh3+ 29. Kg1 Rxe4 30. Qxe4 Qxg3+ 31. Qg2 Qxg2+ 32. Kxg2 Kxh6 33. Re7 Be6 34. Rxb7 Rd8 35. Rxa7 g5 36. Re7 Rd6 37. a4 g4 38. a5 h4 39. a6 h3+ 40. Kg3 Rd3+ 41. Kh4 g3 42. Rxe6 g2 43. Ree1 h2 44. Rg1 Rd2 45. Kg3 hxg1Q 46. Rxg1 Ra2 47. Rxg2 Rxa6 48. Kf4 Ra1 49. Ke5 Rd1 50. Rg7 Rd7 51. Rg3 Kh5 52. Kf5 Kh4 53. Re3 Rb7 54. Re7 Rxb3 55. Rxf7 Rxc3 56. Rh7+ Kg3 57. f7 Rxc4 1-0

[Event "RUS-chT rapid"]
[Site "Sochi"]
[Date "2015.05.08"]
[Round "1.21"]
[White "Iljin, Artem"]
[Black "Korobov, Anton"]
[Result "0-1"]
[WhiteElo "2537"]
[BlackElo "2708"]
[PlyCount "66"]
[EventDate "2015.05.08"]
[EventType "team-swiss"]
[EventRounds "9"]
[EventCountry "RUS"]
[SourceTitle "CBM 166 Extra"]
[Source "ChessBase"]
[SourceDate "2015.06.18"]
[SourceVersion "1"]
[SourceVersionDate "2015.06.18"]
[SourceQuality "1"]
[WhiteTeam "Kazan Ladya II"]
[BlackTeam "Novosibirsk Siberia"]
[WhiteTeamCountry "RUS"]
[BlackTeamCountry "RUS"]

1. Nf3 Nf6 2. c4 g6 3. g3 Bg7 4. Bg2 0-0 5. 0-0 Nc6 6. d4 a6 7. Nc3 Rb8 8. e4 d6 9. h3 e5 10. d5 Ne7 11. b4 c6 12. a4 cxd5 13. cxd5 Bd7 14. Bd2 Rc8 15. Re1 h6 16. Qb3 Ne8 17. b5 a5 18. b6 Kh7 19. Nh4 f5 20. exf5 gxf5 21. Rac1 Bf6 22. Nf3 e4 23. Nh2 Bg5 24. Bxg5 hxg5 25. g4 Ng6 26. gxf5 Nf4 27. Bxe4 Nf6 28. Bb1 Kg7 29. Nf3 Rh8 30. h4 g4 31. Ng5 Rxh4 32. Qb2 Qh8 33. Be4 Qh6 0-1

[Event "RUS-chT rapid"]
[Site "Sochi"]
[Date "2015.05.08"]
[Round "3.33"]
[White "Iljin, Artem"]
[Black "Zablotsky, Sergei"]
[Result "0-1"]
[WhiteElo "2537"]
[BlackElo "2525"]
[PlyCount "56"]
[EventDate "2015.05.08"]
[EventType "team-swiss"]
[EventRounds "9"]
[EventCountry "RUS"]
[SourceTitle "CBM 166 Extra"]
[Source "ChessBase"]
[SourceDate "2015.06.18"]
[SourceVersion "1"]
[SourceVersionDate "2015.06.18"]
[SourceQuality "1"]
[WhiteTeam "Kazan Ladya II"]
[BlackTeam "Krasnoyarsk 56 parallel"]
[WhiteTeamCountry "RUS"]
[BlackTeamCountry "RUS"]

1. Nf3 d5 2. g3 Nc6 3. d4 Bf5 4. Bg2 e6 5. 0-0 Nf6 6. c3 h6 7. Qb3 Na5 8. Qa4+ c6 9. Nbd2 b5 10. Qd1 Bd6 11. Ne5 Qc7 12. Ndf3 0-0 13. Nd3 Nc4 14. b3 Nb6 15. Bf4 Bxd3 16. Bxd6 Qxd6 17. Qxd3 a6 18. Nd2 c5 19. c4 bxc4 20. bxc4 Rfc8 21. dxc5 Qxc5 22. cxd5 Nfxd5 23. Nb3 Qa3 24. Rfd1 Rc3 25. Qd4 Rac8 26. e4 R3c4 27. Qe5 Nc3 28. Qd6 Rb4 0-1

[Event "RUS-chT2"]
[Site "Sochi"]
[Date "2015.05.04"]
[Round "4.5"]
[White "Nozdrachev, Vladislav"]
[Black "Iljin, Artem"]
[Result "1-0"]
[WhiteElo "2476"]
[BlackElo "2537"]
[PlyCount "169"]
[EventDate "2015.05.01"]
[EventType "team-swiss"]
[EventRounds "7"]
[EventCountry "RUS"]
[SourceTitle "CBM 166 Extra"]
[Source "ChessBase"]
[SourceDate "2015.06.18"]
[SourceVersion "1"]
[SourceVersionDate "2015.06.18"]
[SourceQuality "1"]
[WhiteTeam "Moscow Region"]
[BlackTeam "Kazan Ladya II"]
[WhiteTeamCountry "RUS"]
[BlackTeamCountry "RUS"]

1. e4 c6 2. d4 d5 3. Nc3 dxe4 4. Nxe4 Bf5 5. Ng3 Bg6 6. Nh3 Nf6 7. Nf4 e5 8. Nxg6 hxg6 9. dxe5 Qa5+ 10. Bd2 Qxe5+ 11. Qe2 Qxe2+ 12. Bxe2 Nbd7 13. 0-0-0 Bc5 14. f4 0-0 15. Rhe1 a5 16. Bf3 Bb4 17. c3 Bc5 18. Kc2 Rfe8 19. Ne4 Nxe4 20. Rxe4 Nf6 21. Re5 Bd6 22. Rxe8+ Rxe8 23. g3 Kf8 24. Re1 Rd8 25. Be3 a4 26. Bb6 Ra8 27. Bd4 Ra5 28. Be3 Ra8 29. Re2 Ra5 30. Bd2 Ra8 31. b4 axb3+ 32. axb3 Ra1 33. Kb2 Rf1 34. Bg2 Rd1 35. Kc2 Ra1 36. b4 Nd5 37. Kd3 Ra8 38. Kc4 b5+ 39. Kb3 Re8 40. Rxe8+ Kxe8 41. c4 bxc4+ 42. Kxc4 Nb6+ 43. Kb3 Kd7 44. Bc3 Bf8 45. Bd4 Kc7 46. Be5+ Kd7 47. h4 Nc8 48. Bh3+ Kd8 49. f5 gxf5 50. Bxf5 f6 51. Bd4 Kc7 52. g4 Nb6 53. Be4 Nd7 54. Bc3 Bd6 55. Bf5 Bg3 56. h5 Be5 57. Bd2 Nb6 58. Be4 Nc8 59. Be3 Nd6 60. Bg6 Nb5 61. Kc4 Nd6+ 62. Kd3 Kd7 63. Bc5 Ke6 64. Bh7 Kf7 65. Be3 Ke6 66. Bg8+ Kd7 67. Bc5 Ke7 68. Ke3 Kd7 69. Kd3 Ke7 70. Bb3 Kd7 71. Be3 Ke7 72. g5 fxg5 73. Bxg5+ Kd7 74. Be3 Ke7 75. Ba4 Kd7 76. Bd4 Bxd4 77. Kxd4 Nf5+ 78. Ke5 Ng3 79. Bd1 c5 80. b5 Kc7 81. Kf4 Nf1 82. Be2 Nd2 83. Kf5 Nb3 84. Kg6 Nd4 85. Bc4 1-0